[Event "Titled Tuesday intern op 12th Sep Late"]
[Site "Chess.com INT"]
[Date "2023.09.12"]
[Round "3"]
[White "Quispe Santacruz, Javier"]
[Black "Cheng, Xiao"]
[Result "0-1"]
[WhiteElo "1805"]
[BlackElo "2288"]
[PlyCount "78"]
[EventDate "2023.09.12"]
[EventType "swiss (blitz)"]
[EventRounds "11"]
[EventCountry "USA"]
[SourceTitle "EXT 2024"]
[Source "ChessBase"]
[SourceDate "2023.10.10"]
[SourceVersion "1"]
[SourceVersionDate "2023.10.10"]
[SourceQuality "1"]

1. d4 d5 2. c4 c6 3. Nf3 Nf6 4. Nc3 e6 5. e3 Nbd7 6. Qc2 Bd6 7. Bd3 0-0 8. e4 dxe4 9. Nxe4 Nxe4 10. Bxe4 Nf6 11. Bd3 h6 12. 0-0 c5 13. dxc5 Bxc5 14. Rd1 Qc7 15. a3 a5 16. b3 e5 17. Nd2 Bg4 18. Re1 Rad8 19. Bb2 Rfe8 20. Ne4 Nxe4 21. Bxe4 Be6 22. Bxe5 Qb6 23. Bb2 Rf8 24. Rad1 Rde8 25. Qc3 Bxf2+ 26. Kh1 f6 27. Rf1 Bc5 28. Bb1 Rd8 29. Qc2 f5 30. Rfe1 Bc8 31. Qc3 Qg6 32. Rf1 b6 33. b4 axb4 34. axb4 Bd6 35. c5 bxc5 36. bxc5 Bc7 37. Ba2+ Kh8 38. Bb1 Bb7 39. Rxd8 Qxg2# 0-1

[Event "Titled Tuesday intern op 12th Sep Early"]
[Site "Chess.com INT"]
[Date "2023.09.12"]
[Round "1"]
[White "Quispe Santacruz, Javier"]
[Black "Jeet, Jain"]
[Result "0-1"]
[WhiteElo "1805"]
[BlackElo "2320"]
[PlyCount "60"]
[EventDate "2023.09.12"]
[EventType "swiss (blitz)"]
[EventRounds "11"]
[EventCountry "USA"]
[SourceTitle "EXT 2024"]
[Source "ChessBase"]
[SourceDate "2023.10.10"]
[SourceVersion "1"]
[SourceVersionDate "2023.10.10"]
[SourceQuality "1"]

1. d4 Nf6 2. c4 b6 3. f3 d5 4. cxd5 e6 5. dxe6 Bxe6 6. e4 Bb4+ 7. Nc3 0-0 8. d5 Bc8 9. Bd3 Re8 10. Nge2 c6 11. dxc6 Nxc6 12. 0-0 h6 13. a3 Bd6 14. Be3 Qe7 15. Rc1 Bb7 16. Re1 Rad8 17. Qc2 Bxh2+ 18. Kxh2 Qd6+ 19. Ng3 Qxd3 20. Qf2 Qd6 21. Nb5 Qb8 22. Kg1 Rd7 23. Nf5 Re5 24. Qh4 Rxb5 25. Bxh6 Ne8 26. Bxg7 Nxg7 27. Qg4 Rxf5 28. exf5 f6 29. Re6 Ne5 30. Rxe5 Qxe5 0-1